Normal view
MARC view
Entry Nome pessoal
001 - NÚMERO DE CONTROLE
- campo de controle: 71
003 - IDENTIFICADOR DO NÚMERO DE CONTROLE
- campo de controle: Br
005 - DATA E HORÁRIO DA ÚLTIMA TRANSAÇÃO
- campo de controle: 20250121131805.0
008 - CAMPO DE DADOS FIXOS
- campo de controle de tamanho fixo: 990723|| acnnnaab| aaaa d
024 7# - OUTRO IDENTIFICADOR PADRÃO
- Número padrão ou código: http://viaf.org/viaf/59078148
- Fonte: VIAF
035 ## - NÚMERO DE CONTROLE DO SISTEMA
- Número de Controle do Sistema: 99072318121940042
040 ## - FONTE DA CATALOGAÇÃO
- Instituição da catalogação original: Br
- Instituição que transcreveu o registro: Br
- Idioma da catalogação: por
100 1# - CABEÇALHO--NOME PESSOAL
- Nome pessoal: Arlt, Roberto,
- Datas associadas ao nome: 1900-1942
400 1# - REMISSIVA VER--NOME PESSOAL
- Nome pessoal: Arlt, Roberto Godofredo Christophersen
- Datas associadas ao nome: 1900-1942
400 1# - REMISSIVA VER--NOME PESSOAL
- Nome pessoal: Christophersen Arlt, Roberto Godofredo
- Datas associadas ao nome: 1900-1942
670 ## - FONTE POSITIVA DOS DADOS
- Citação da fonte positiva dos dados: Autor de: Os sete loucos. 1929.
670 ## - FONTE POSITIVA DOS DADOS
- Citação da fonte positiva dos dados: LC 68-72
670 ## - FONTE POSITIVA DOS DADOS
- Citação da fonte positiva dos dados: LC microf. 77/81 sept.
- Dados encontrados na fonte localizada no subcampo: (AACR2, D.).
670 ## - FONTE POSITIVA DOS DADOS
- Citação da fonte positiva dos dados: https://en.wikipedia.org/wiki/Roberto_Arlt 28/01/2019
- Dados encontrados na fonte localizada no subcampo: (nasceu Roberto Godofredo Christophersen Arlt em Buenos Aires em 2 de abril de 1900; romancista, dramaturgo e jornalista; faleceu em 26 de julho de 1942, aos 42 anos)